Teorie sociální struktury a struktura sociálních teorií : k vybraným problémům teorie a empirie výzkumu sociální struktury

Saved in:
Bibliographic Details
Main Author Charvát, František, 1940-2007 (Author)
Format Book
LanguageCzech
Published Praha : Svoboda, 1975
Edition1. vyd.
Subjects
Physical Description320 s.

Cover

LEADER 00000cam a22000007a 4500
001 17520
003 CZ-ZlUTB
005 20190825233610.0
008 950218s1975 xr |||||r|||||||||||cze|d
040 |a ZLD002  |b cze  |c ZLD002  |d ZLD002 
072 7 |a 316.3  |x Globální společnosti. Sociální struktura. Sociální skupiny  |2 Konspekt  |9 18 
080 |a 301 C  |2 v 
100 1 |a Charvát, František,  |d 1940-2007  |7 jk01050101  |4 aut 
245 1 0 |a Teorie sociální struktury a struktura sociálních teorií :  |b k vybraným problémům teorie a empirie výzkumu sociální struktury 
250 |a 1. vyd. 
260 |a Praha :  |b Svoboda,  |c 1975 
300 |a 320 s. 
650 0 4 |a sociální 
650 0 4 |a struktura 
650 0 4 |a VÝZKUM 
910 |a ZLD002 
952 |0 0  |1 0  |4 0  |6 316CHARVÁTF  |7 0  |8 BOOK  |9 30334  |a UTBZL  |b UTBZL  |c 030  |d 2006-07-29  |i 52021  |l 0  |o 316/CHARVÁT,F.  |p 420010002919  |r 2019-08-25 00:00:00  |w 2019-08-25  |x 20100831  |y 05 
992 |a BK  |b SK 
999 |c 17520  |d 17520